Study on the nutritional status of children in the anganwadi of Nagpur city (Record no. 21851)

MARC details
000 -LEADER
fixed length control field 00582nam a2200181Ia 4500
082 ## - DEWEY DECIMAL CLASSIFICATION NUMBER
Classification number TG.0249
100 ## - MAIN ENTRY--AUTHOR NAME
Personal name Gupta, Vanita
245 #0 - TITLE STATEMENT
Title Study on the nutritional status of children in the anganwadi of Nagpur city
260 ## - PUBLICATION, DISTRIBUTION, ETC. (IMPRINT)
Year of publication 1992
Name of publisher Nagpur University
300 ## - PHYSICAL DESCRIPTION
Number of Pages 246p. + C D - 36
650 ## - SUBJECT ADDED ENTRY--TOPICAL TERM
Topical Term CHILDREN - FOOD//CHILDREN - NUTRITION
650 ## - SUBJECT ADDED ENTRY--TOPICAL TERM
Topical Term CHILDREN - NUTRITION
650 ## - SUBJECT ADDED ENTRY--TOPICAL TERM
Topical Term CHILD NUTRITION//CHILDREN - NUTRITION
650 ## - SUBJECT ADDED ENTRY--TOPICAL TERM
Topical Term ANGANWADIES - MAHARASHTRA - NAGPUR
650 ## - SUBJECT ADDED ENTRY--TOPICAL TERM
Topical Term NUTRITION OF CHILDREN//CHILDREN - NUTRITION
710 ## - ADDED ENTRY--CORPORATE NAME
Corporate name or jurisdiction name as entry element Patil, J.A.
942 ## - ADDED ENTRY ELEMENTS (KOHA)
Koha item type Thesis
Source of classification or shelving scheme Dewey Decimal Classification
Holdings
Withdrawn status Lost status Damaged status Not for loan Home library Current library Date acquired Bill Date Full call number Accession Number Price effective from Koha item type
        NASSDOC Library NASSDOC Library 08/10/2004 2008-12-30 TG.0249 32361 18/04/2019 Thesis